| 000 | 00895 a2200169 4500 | ||
|---|---|---|---|
| 003 | Nust | ||
| 005 | 20230404112929.0 | ||
| 040 | _cNust | ||
| 082 | _a920,BRA | ||
| 100 |
_aBradshaw,Percy _9111712 |
||
| 245 |
_aNice People to Know / _cPercy V Bradshaw |
||
| 260 |
_aLondon _bChapman _61944 |
||
| 300 | _a201:p | ||
| 505 | _aThe Rt. Hon (Page-1), Norman Allin (Page-10) Dame Lillian Braithwaite (Page-27), Sir Frank Bronwyn (Page-36), Noel Coward (Page-47), Will Fyffe (Page-72), Mark Hamburg (Page-80), Tommy Handley (Page-90), A.P. Herbert (Page-99), Dame Laura Knight (Page-108), Benno Moiseiwitsch (Page-118), Field – Marshal (Page-130), Anna Neagle (Page-139), J.B. Neagle (Page-139), Lady Eleanor Smith (Page-161), Air Chief Marshal Sir Arthur Tedder (Page-170), The Late Sir Henry Wood (Page-182), The Rt. Hon Lord Wool ton (Page-192). | ||
| 650 |
_aBiography _9461 |
||
| 942 |
_2ddc _cBK |
||
| 999 |
_c187029 _d187029 |
||